Statistics for Pentatonix Easy Quiz

Click here to take the quiz!

General Stats

  • This quiz has been taken 2,900 times
  • The average score is 18 of 42

Answer Stats

Hint Answer % Correct
A five-member acapella group who became champions of the Sing-Off Season 3Pentatonix
99%
The greatest gay ever lived with overwhelming tenor voiceMitch Grassi
85%
Usually the lead singer in their covers with an amazingly wide range of voiceScott Hoying
84%
The guy with a voice as deep as the deepest trenchAvi Kaplan
79%
The soul of the group, the beatboxer who can do a million distinct sounds.Kevin Olusola
72%
The most beautiful lady who especialized in pop and ballad and can also do theatre songsKirstie Maldonado
71%
What is the name of the vlog of Mitch and Scott on Youtube? (Use letters)Superfruit
64%
KO's favorite instrument?Cello
62%
Featured artist in their The Wizard of AhhhsTodrick Hall
56%
Scott's?@scotthoying
52%
Scott's favorite singer? (No need for accents, screen name only)Beyonce
52%
PTX's twitter username (with @)@PTXofficial
51%
Mitch's?@mitchgrassi
51%
Featured artist in their Radioactive coverLindsey Stirling
48%
Their cover composed of songs from different erasEvolution of Music
47%
Avi says "Don't Forget to _______"Subscribe
46%
What is the name of Scott's favorite pet?Wyatt
44%
Compilation of Beyonce songsEvolution of Beyonce
44%
With his religion, Avi is a?Jew
43%
Joined Mitch and Scott in the Mash-Up Game Episode of their VlogTori Kelly
43%
Avi's?@Avi_Kaplan
40%
How about with Hey Momma?Hit The Road Jack
39%
Mitch's Birthday?July 24, 1992
39%
When is Scott's Birthday? (Complete)September 17, 1991
38%
Mitch is mostly? (Nationality)Italian
37%
Their sing-off audition songTelephone
36%
Kirstie's?@kirstin_taylor
35%
Kirstie?Taylor
33%
Kirstie's?May 16, 1992
33%
KO's?@KOlusola
32%
Avi's?April 17, 1989
32%
Kevin's?October 5, 1988
31%
Scott's second name (Scott ___________ Hoying)Richard
31%
Mitch's?Coby
31%
What song is with As Long As You Love Me in one of their coversWide Awake
26%
Avi's?Benjamin
26%
KO is half Grenadian half?Nigerian
25%
Compilation of NSYNC SongsNSYNC Medley
25%
Their winning song in the Sing-Off by David GuettaWithout You
22%
Featured artist in their cover of When Love Takes OverNatalie Weiss
14%
Bonus Question: With the remaining time, Can you guess what's my Favorite PTX Cover? (Not part of being a Pentaholic)I Need Your Love
9%
When is PTX established?June 6, 2011
8%

Score Distribution

Percentile by Number Answered

Percent of People with Each Score

Your Score History

You have not taken this quiz